Envejecimiento de la población: bibliografía seleccionada /
Na minha lista:
| Autores corporativos: | , |
|---|---|
| Formato: | Texto |
| Publicado em: |
Santiago:
CEPAL
|
| Tags: |
Adicionar Tag
Sem tags, seja o primeiro a adicionar uma tag!
|
MARC
| LEADER | 00000 a a2200000 04500 | ||
|---|---|---|---|
| 001 | 27638 | ||
| 003 | |||
| 040 | |||
| 090 | |a 174400 |b REFERENCIA | ||
| 110 | |a CEPAL | ||
| 245 | |a Envejecimiento de la población: bibliografía seleccionada / |c CEPAL | ||
| 260 | |a Santiago: |b CEPAL | ||
| 300 | |a 221 p. | ||
| 500 | |a Incluye índices de autores, temático, geográfico y de conferencias | ||
| 710 | |a CELADE | ||
| 999 | |c 12814 |d 12814 | ||
